| 000 | 00852nam a2200277 4500 | ||
|---|---|---|---|
| 003 | OSt | ||
| 005 | 20260530113905.0 | ||
| 008 | 260505b20012003gw a|||| |||| 00| 0 eng d | ||
| 020 | _a3899390601 | ||
| 020 | _a3-929638-79-7 | ||
| 040 |
_aICI _bspa _cICI |
||
| 041 | _aeng | ||
| 050 |
_aHD69.D4 _bH35 |
||
| 245 | 0 | 0 |
_aHall of fame companies : _bsearching for excellence in design |
| 264 | 1 |
_a[S.l.] : _b[s.n.], _c[fecha no identificada] |
|
| 300 |
_a207 páginas : _bilustraciones ; |
||
| 336 |
_atexto _2rdacontent |
||
| 337 |
_asin medio _2rdamedia |
||
| 338 |
_avolumen _2rdacarrier |
||
| 650 |
_aDiseño industrial _xAdministración _932685 |
||
| 650 |
_aInnovación empresarial _932686 |
||
| 650 |
_aImagen corporativa _932687 |
||
| 650 |
_aDesarrollo de productos _932688 |
||
| 650 |
_aEmpresas _xEstudios de casos _932689 |
||
| 942 |
_2lcc _cBK _n1 |
||
| 999 |
_c11913 _d11913 |
||